Southville International School and Colleges
Your cart is empty.
  • Cart
  • Lists
    Public lists Eva Luna New books Lux_list list_1
    Your lists Log in to create your own lists
  • Log in to your account
  • Your cookies
  • Search history
Southville International School and Colleges
  • Advanced search
  • Recent comments
  • Most popular
  • Libraries

Log in to your account

Log in with GOOGLE


If you do not have an external account, but do have a local account, you can still log in:

  1. Home
  2. MARC view: Strategic supply management :
Normal view MARC view ISBD view

Strategic supply management : (Record no. 17097)

[ view plain ]
MARC details
000 -LEADER
fixed length control field 01265cam a2200349 a 4500
001 - CONTROL NUMBER
control field 15082286
003 - CONTROL NUMBER IDENTIFIER
control field OSt
005 - DATE AND TIME OF LATEST TRANSACTION
control field 20140310182901.0
008 - FIXED-LENGTH DATA ELEMENTS--GENERAL INFORMATION
fixed length control field 071115s2008 enka b 001 0 eng
010 ## - LIBRARY OF CONGRESS CONTROL NUMBER
LC control number 2007046519
020 ## - INTERNATIONAL STANDARD BOOK NUMBER
International Standard Book Number 9780273651000
035 ## - SYSTEM CONTROL NUMBER
System control number (OCoLC)ocn181517054
035 ## - SYSTEM CONTROL NUMBER
System control number (OCoLC)181517054
040 ## - CATALOGING SOURCE
Original cataloging agency DLC
Transcribing agency DLC
Modifying agency BAKER
-- YDXCP
-- BWKUK
-- BWK
-- BWX
-- DLC
050 ## - LIBRARY OF CONGRESS CALL NUMBER
Classification number HD 30.28
Item number .C867 2008
100 ## - MAIN ENTRY--PERSONAL NAME
Personal name Cousins, Paul
245 00 - TITLE STATEMENT
Title Strategic supply management :
Remainder of title principles, theories and practice /
Statement of responsibility, etc Paul Cousins ... [et al.].
260 ## - PUBLICATION, DISTRIBUTION, ETC. (IMPRINT)
Place of publication, distribution, etc Harlow, England ;
-- New York :
Name of publisher, distributor, etc Prentice Hall/Financial Times,
Date of publication, distribution, etc 2008.
300 ## - PHYSICAL DESCRIPTION
Extent 308 p. :
Other physical details ill. ;
Dimensions 24 cm.
504 ## - BIBLIOGRAPHY, ETC. NOTE
Bibliography, etc Includes bibliographical references and index.
521 ## - TARGET AUDIENCE NOTE
Target audience note
650 #0 - SUBJECT ADDED ENTRY--TOPICAL TERM
Topical term or geographic name as entry element Strategic planning.
650 #0 - SUBJECT ADDED ENTRY--TOPICAL TERM
Topical term or geographic name as entry element Business logistics.
650 #0 - SUBJECT ADDED ENTRY--TOPICAL TERM
Topical term or geographic name as entry element Materials management.
650 #0 - SUBJECT ADDED ENTRY--TOPICAL TERM
Topical term or geographic name as entry element Industrial procurement
General subdivision Management.
700 1# - ADDED ENTRY--PERSONAL NAME
Personal name Cousins, Paul.
856 41 - ELECTRONIC LOCATION AND ACCESS
Materials specified Table of contents only
Uniform Resource Identifier <a href="http://www.loc.gov/catdir/toc/ecip084/2007046519.html">http://www.loc.gov/catdir/toc/ecip084/2007046519.html</a>
906 ## - LOCAL DATA ELEMENT F, LDF (RLIN)
a 7
b cbc
c orignew
d 1
e ecip
f 20
g y-gencatlg
942 ## - ADDED ENTRY ELEMENTS (KOHA)
Source of classification or shelving scheme Library of Congress Classification
Koha item type Books
Call number prefix Foreign
Holdings
Withdrawn status Lost status Source of classification or shelving scheme Damaged status Home library Current library Shelving location Date acquired Source of acquisition Cost, normal purchase price Total Checkouts Full call number Barcode Date last seen Copy number Price effective from Koha item type
    Library of Congress Classification   College Library College Library General Circulation Section 08/28/2012 Donation 3198.00   HD 30.28 .C867 2008 C15199 05/15/2018 1 10/18/2013 Books

Strategic supply management :

APA

Cousins P., Cousins P., . (2008). Strategic supply management. Harlow, England: Prentice Hall/Financial Times.

Chicago

Cousins Paul, Cousins Paul, . 2008. Strategic supply management. Harlow, England: Prentice Hall/Financial Times.

Harvard

Cousins P., Cousins P., . (2008). Strategic supply management. Harlow, England: Prentice Hall/Financial Times.

MLA

Cousins Paul, Cousins Paul, . Strategic supply management. Harlow, England: Prentice Hall/Financial Times. 2008.

  • Place hold
  • Print
  • Cite
  • Add to your cart (remove)
  • Save record
    BIBTEX Dublin Core MARCXML MARC (non-Unicode/MARC-8) MARC (Unicode/UTF-8) MARC (Unicode/UTF-8, Standard) MODS (XML) RIS
  • More searches
    Search for this title in:
    Other Libraries (WorldCat) Other Databases (Google Scholar) Online Stores (Bookfinder.com) Open Library (openlibrary.org)

Exporting to Dublin Core...

SOUTHVILLE LIBRARY

Southville International School and Colleges Library

1281 Tropical Ave. Cor. Luxembourg St., BF Homes International, Las Pinas City

Tel. No. 8256374 / 252358 Loc. 117/146

Powered by Koha